Education for all: Roundtable themes. 3 parts (Record no. 1390790)

MARC details
000 -LEADER
fixed length control field 00716nam a2200217Ia 4500
005 - DATE AND TIME OF LATEST TRANSACTION
control field 20250508164727.0
008 - FIXED-LENGTH DATA ELEMENTS--GENERAL INFORMATION
fixed length control field 008 250505s9999 xx 000 0 eng d
037 ## - SOURCE OF ACQUISITION
Stock number Textual
040 ## - CATALOGING SOURCE
Original cataloging agency FEDL
Language of cataloging eng
Transcribing agency FEDL
041 ## - LANGUAGE CODE
Language code of text/sound track or separate title eng
Source of code eng
084 ## - COLON CLASSIFICATION NUMBER
Classification number 370, UNE
Assigning agency FEDL
245 #0 - TITLE STATEMENT
Title Education for all: Roundtable themes. 3 parts
245 #0 - TITLE STATEMENT
Statement of responsibility, etc. UNESCO
260 ## - PUBLICATION, DISTRIBUTION, ETC.
Place of publication, distribution, etc. Paris, France
Name of publisher, distributor, etc. United Nations Educational, Scientific and Cultural Organization
365 ## - TRADE PRICE
Price type code FF
Price amount 100
490 ## - SERIES STATEMENT
Series statement World Conference on Education for all. Thailand.
Volume/sequential designation 1. Purpose and context. Prepared by Sheila lM Haggis. 1991. 96p.
546 ## - LANGUAGE NOTE
Language note MACESE
650 ## - SUBJECT ADDED ENTRY--TOPICAL TERM
Topical term or geographic name entry element Education
942 ## - ADDED ENTRY ELEMENTS (KOHA)
Koha item type Textual
Classification part 370, UNE
Holdings
Withdrawn status Lost status Damaged status Not for loan Home library Current library Date acquired Cost, normal purchase price Total Checkouts Full call number Barcode Date last seen Price effective from Koha item type
        Department of Education Library Department of Education Library 2025-05-08 100.00   370, UNE EL0084416 2025-05-08 2025-05-08 Textual
Copyright @ Delhi University Library System